书目信息 |
| 题名: |
《家庭、私有制和国家的起源》学习纲要
|
|
| 作者: | ;中山大学哲学系 编 | |
| 分册: | ||
| 出版信息: | 北京 北京师范大学出版社 1981 |
|
| 页数: | 156页 | |
| 开本: | 19cm | |
| 丛书名: | ||
| 单 册: | ||
| 中图分类: | A124 | |
| 科图分类: | ||
| 主题词: | 马克思著作--单行本--1873-1889年6月 | |
| 电子资源: | ||
| ISBN: | ||
| 000 | 00719nam0 2200229 45 | |
| 001 | 0181004525 | |
| 005 | 20060817164126.35 | |
| 010 | @dCNY0.54 | |
| 091 | @a2243.1 | |
| 100 | @a19950511d1981 em y0chiy0121 ea | |
| 101 | 0 | @achi |
| 102 | @aCN@b110000 | |
| 105 | @ay z 000yy | |
| 200 | 12 | @a《家庭、私有制和国家的起源》学习纲要@A《 jia ting、 si you zhi he guo jia de qi yuan》 xue xi gangyao@f中山大学哲学系等编@FZhong Shan Da Xue Zhe Xue Xi Deng Bian |
| 210 | @a北京@c北京师范大学出版社@d1981 | |
| 215 | @a156页@d19cm | |
| 606 | 0 | @a马克思著作@x单行本@x1873-1889年6月 |
| 690 | @aA124@v3 | |
| 711 | 02 | @a中山大学哲学系@4编 |
| 801 | 2 | @aCN@bNLC@c20060817 |
| 801 | 0 | @aCN@b上海图书馆@c20060809 |
| 905 | @dA124@e14 | |
| 《家庭、私有制和国家的起源》学习纲要/中山大学哲学系等编.-北京:北京师范大学出版社,1981 |
| 156页;19cm |
| ISBN :CNY0.54 |
| ● |
| 相关链接 |
|
|
|
|
正题名:《家庭、私有制和国家的起源》学习纲要
索取号:A124/14
 
预约/预借
| 序号 | 登录号 | 条形码 | 馆藏地/架位号 | 状态 | 备注 |
| 1 | 0069889 | 000946748 | 第一借阅区/ [索取号:A124/14] | 在馆 | |
| 2 | 0069890 | 000946659 | 第一借阅区/ [索取号:A124/14] | 在馆 | |
| 3 | 0069892 | 000946588 | 第一借阅区/ [索取号:A124/14] | 在馆 | |
| 4 | 0069893 | 202231682 | 密集书库/ [索取号:A124/14] | 在馆 | |
| 5 | 0069895 | 000946622 | 第一借阅区/ [索取号:A124/14] | 在馆 | |
| 6 | 0069896 | 000946579 | 第一借阅区/ [索取号:A124/14] | 在馆 | |
| 7 | 0069897 | 000946613 | 第一借阅区/ [索取号:A124/14] | 在馆 | |
| 8 | 0069898 | 000946702 | 第一借阅区/ [索取号:A124/14] | 在馆 | |
| 9 | 0450146 | 204501468 | 密集书库/ [索取号:A124/14] | 在馆 | |
| 10 | 0465461 | 204654613 | 密集书库/ [索取号:A124/14] | 在馆 |